[Event "Olomouc Chess Summer 2018 - open"]
[Site "Olomouc (CZE)"]
[Date "2018.08.12"]
[Round "2.4"]
[White "Volodin, Viktor"]
[Black "Litner, Igor"]
[Result "1/2-1/2"]
[WhiteElo "2186"]
[BlackElo "1990"]
[PlyCount "111"]
[EventDate "2018.??.??"]

1. Nf3 f5 2. g3 Nf6 3. Bg2 e6 4. O-O d5 5. b3 c6 6. Bb2 Bd6 7. d3 O-O 8. Nbd2
Nbd7 9. Nd4 Nb6 10. e4 fxe4 11. dxe4 e5 12. Nf5 Bxf5 13. exf5 Qd7 14. Bh3 g6
15. Nf3 Rae8 16. Qd2 Ne4 17. Qh6 Qg7 18. Qxg7+ Kxg7 19. Nh4 g5 20. f6+ Rxf6 21.
Nf5+ Kg8 22. Nxd6 Nxd6 23. Rfe1 Nf7 24. Re2 h5 25. Rae1 g4 26. Bg2 Rf5 27. a4
e4 28. Bd4 Ng5 29. a5 Nc8 30. c4 dxc4 31. bxc4 Rxa5 32. Bxe4 Nxe4 33. Rxe4 Rxe4
34. Rxe4 Nd6 35. Re7 Nf5 36. Rd7 Nxd4 37. Rxd4 Ra4 38. Rd8+ Kf7 39. Rd7+ Ke6
40. Rxb7 a5 41. Rh7 Rxc4 42. Rh6+ Kd7 43. Rxh5 c5 44. h3 gxh3 45. Rxh3 a4 46.
Rh6 Rb4 47. Kf1 c4 48. Ke2 Rb2+ 49. Ke3 c3 50. Ra6 c2 51. Kd2 c1=Q+ 52. Kxc1
Rxf2 53. Rxa4 Ke6 54. Kd1 Kf5 55. Ke1 Rf3 56. g4+ 1/2-1/2

[Event "Olomouc Chess Summer 2018 - open"]
[Site "Olomouc (CZE), Hotel Flora"]
[Date "2018.08.12"]
[Round "2.5"]
[White "Musil, Vitezslav"]
[Black "Cagasik, Tomas"]
[Result "0-1"]
[WhiteElo "1965"]
[BlackElo "2180"]
[PlyCount "102"]
[EventDate "2018.??.??"]

1. Nf3 Nf6 2. c4 c5 3. Nc3 Nc6 4. g3 d6 5. Bg2 Bf5 6. d3 Qd7 7. Nd5 Nxd5 8.
cxd5 Nb4 9. a3 Na6 10. O-O Bh3 11. Bxh3 Qxh3 12. Qa4+ Qd7 13. Qxd7+ Kxd7 14.
Bd2 g6 15. Bc3 Rg8 16. Rab1 Rc8 17. Rfc1 Bh6 18. Bd2 Bxd2 19. Nxd2 Nc7 20. e4
e6 21. dxe6+ Nxe6 22. Nf3 g5 23. h3 h5 24. Kg2 Rgf8 25. b4 b6 26. bxc5 dxc5 27.
a4 Ke7 28. a5 Rb8 29. axb6 axb6 30. Ra1 Rb7 31. Rab1 f6 32. Rc3 b5 33. Nd2 b4
34. Ra3 Rd7 35. Ra6 Rxd3 36. Nc4 Rd4 37. Ra7+ Rd7 38. Rba1 Rfd8 39. e5 fxe5 40.
Nxe5 Rxa7 41. Rxa7+ Kf6 42. Nd7+ Kf5 43. g4+ hxg4 44. hxg4+ Kxg4 45. Ne5+ Kf5
46. Nc4 Kf6 47. Ne3 Rb8 48. Kf3 b3 49. Ng4+ Kg6 50. Ra6 b2 51. Rxe6+ Kf7 0-1

[Event "Olomouc Chess Summer 2018 - open"]
[Site "Olomouc (CZE)"]
[Date "2018.08.12"]
[Round "2.6"]
[White "Frugoli, Francesco"]
[Black "Karthick, Narayanan S"]
[Result "1/2-1/2"]
[WhiteElo "2178"]
[BlackElo "1979"]
[PlyCount "56"]
[EventDate "2018.08.11"]

1. d4 Nf6 2. Nf3 c5 3. d5 e6 4. c4 b5 5. Bg5 Qa5+ 6. Bd2 b4 7. dxe6 fxe6 8. g3
Bb7 9. Bg2 Qa6 10. b3 Be7 11. O-O O-O 12. Bf4 d5 13. Nbd2 Nbd7 14. a3 bxa3 15.
Qc1 Bd6 16. Rxa3 Qb6 17. Bxd6 Qxd6 18. cxd5 exd5 19. Nh4 Qe6 20. Qd1 Ne4 21.
Nxe4 dxe4 22. Qd2 Nb6 23. f4 c4 24. Qb4 cxb3 25. Rxb3 Bd5 26. Rbb1 Bc4 27. Qb2
Rad8 28. f5 Qe7 {necitatelne} 1/2-1/2

[Event "Olomouc Chess Summer 2018 - open"]
[Site "Olomouc (CZE)"]
[Date "2018.08.12"]
[Round "2.7"]
[White "Brunova, Blanka"]
[Black "Zielinski, Wojciech"]
[Result "0-1"]
[WhiteElo "1958"]
[BlackElo "2157"]
[PlyCount "82"]
[EventDate "2018.08.11"]

1. e4 e6 2. d4 d5 3. Nd2 dxe4 4. Nxe4 Nd7 5. Nf3 Ngf6 6. Bd3 Be7 7. O-O b6 8.
Ne5 Nxe5 9. dxe5 Nd7 10. f4 O-O 11. Qf3 Nc5 12. Nxc5 Bxc5+ 13. Be3 Bxe3+ 14.
Qxe3 Bb7 15. Rae1 Qd5 16. Qh3 g6 17. Re3 Rfd8 18. Be4 Qxe4 19. Rxe4 Bxe4 20.
Qe3 Bxc2 21. Rc1 Bf5 22. Qf3 c5 23. g4 Bd3 24. b3 Rd5 25. h4 Rad8 26. h5 gxh5
27. gxh5 Bf5 28. Qf2 Rd2 29. Qh4 R8d4 30. Qg5+ Kf8 31. Qh6+ Ke8 32. Qg5 Rxa2
33. Qg8+ Ke7 34. Qg5+ Kf8 35. Qf6 Rdd2 36. Qh8+ Ke7 37. Qf6+ Ke8 38. Qh8+ Kd7
39. Qg7 Bh3 40. Qxf7+ Kc6 41. Qe8+ Kb7 0-1

[Event "Olomouc Chess Summer 2018 - open"]
[Site "Olomouc (CZE)"]
[Date "2018.08.12"]
[Round "2.8"]
[White "Kubicki, Marek"]
[Black "Zakoucka, Adela"]
[Result "1-0"]
[WhiteElo "2124"]
[BlackElo "1960"]
[PlyCount "83"]
[EventDate "2018.08.11"]

1. d4 d5 2. Bf4 Nf6 3. e3 Bg4 4. f3 Bf5 5. Bd3 Bg6 6. Ne2 e6 7. c3 Nbd7 8. O-O
c5 9. Kh1 Be7 10. Bg3 Qb6 11. b3 Rc8 12. Nf4 Bd6 13. a4 c4 14. bxc4 dxc4 15.
Bxg6 hxg6 16. Nd2 Qc7 17. Kg1 g5 18. Ne2 Ke7 19. Ne4 Nxe4 20. fxe4 Rxh2 21.
Kxh2 Rh8+ 22. Kg1 Bxg3 23. Nxg3 Qxg3 24. Qf3 Qh2+ 25. Kf2 g4 26. Qg3 Qxg3+ 27.
Kxg3 Nf6 28. e5 Ne4+ 29. Kxg4 f5+ 30. exf6+ gxf6 31. Ra2 f5+ 32. Kf3 Nxc3 33.
Rb2 b6 34. Rc1 Nxa4 35. Rb4 b5 36. Rxb5 Nb6 37. Ra1 Kd6 38. Rxa7 Rb8 39. Ra6
Kc6 40. Rc5+ Kb7 41. Ra1 Rg8 42. Rb1 1-0

[Event "Olomouc Chess Summer 2018 - open"]
[Site "Olomouc (CZE)"]
[Date "2018.08.12"]
[Round "2.9"]
[White "Khachatouri, Saro"]
[Black "Matousek, Petr"]
[Result "1/2-1/2"]
[WhiteElo "1945"]
[BlackElo "2123"]
[PlyCount "33"]
[EventDate "2018.08.11"]

1. d4 Nf6 2. c4 g6 3. Nc3 Bg7 4. e4 d6 5. Bd3 e5 6. d5 Na6 7. Nge2 O-O 8. O-O
Nc5 9. Bc2 a5 10. f3 Nfd7 11. Be3 f5 12. exf5 gxf5 13. f4 e4 14. Qd2 Nf6 15. h3
Bd7 16. Nd4 Qe7 17. Ndb5 1/2-1/2

[Event "Olomouc Chess Summer 2018 - open"]
[Site "Olomouc (CZE)"]
[Date "2018.08.12"]
[Round "2.10"]
[White "Dave, Dhyani"]
[Black "Zdrazil, Jan"]
[Result "1/2-1/2"]
[WhiteElo "2114"]
[BlackElo "1953"]
[PlyCount "88"]
[EventDate "2018.08.11"]

1. e4 c5 2. Nf3 d6 3. d4 cxd4 4. Nxd4 Nf6 5. Nc3 a6 6. Be2 e5 7. Nb3 Be7 8. O-O
O-O 9. Re1 Be6 10. Bf3 Nbd7 11. a4 Qb8 12. Be3 Rc8 13. a5 Qc7 14. Nd2 b5 15.
axb6 Nxb6 16. Re2 Bd8 17. Nf1 Qc6 18. Bxb6 Qxb6 19. Na4 Qb4 20. b3 Bc7 21. c4
Rab8 22. Nd2 Bd8 23. Re3 Nd7 24. Rd3 f5 25. exf5 Bxf5 26. Bd5+ Kh8 27. Be4 Be6
28. Nf1 Nf6 29. Ng3 Bc7 30. Bf5 Bxf5 31. Nxf5 e4 32. Rh3 Rd8 33. Ne7 Qb7 34.
Nd5 Nxd5 35. cxd5 Re8 36. Rc1 Ba5 37. Rc6 Bb4 38. Qh5 h6 39. Qd1 Re5 40. Rh5
Rxh5 41. Qxh5 Ba3 42. Rb6 Qc8 43. Qd1 Qc7 44. Rxb8+ Qxb8 1/2-1/2

[Event "?"]
[Site "Olomouc (CZE)"]
[Date "2018.08.12"]
[Round "3.1"]
[White "Kula, Dominik"]
[Black "Valenta, Vit"]
[Result "1/2-1/2"]
[WhiteElo "2201"]
[BlackElo "2085"]
[PlyCount "123"]
[EventDate "2018.??.??"]

1. d4 Nf6 2. Nc3 d5 3. Bf4 c6 4. Qd2 Nh5 5. Bg5 h6 6. Bh4 g5 7. Bg3 Nxg3 8.
hxg3 Bg7 9. Nf3 Nd7 10. e4 dxe4 11. Nxe4 Nf6 12. Nxf6+ Bxf6 13. Bc4 Bg4 14.
O-O-O e6 15. c3 Qc7 16. Rh2 O-O-O 17. Rdh1 Bxf3 18. gxf3 Bg7 19. Qe3 Rhe8 20.
f4 gxf4 21. gxf4 Bf8 22. Kb1 Kb8 23. Rh5 Re7 24. Qf3 Red7 25. Re1 Qb6 26. f5
exf5 27. Rxf5 c5 28. Rf6 Qc7 29. Bb5 Re7 30. Rxe7 Bxe7 31. Rxf7 cxd4 32. cxd4
Qb6 33. Rxe7 Qxb5 34. Qf4+ Ka8 35. Re1 h5 36. Ka1 a6 37. Qe5 Qb4 38. Rd1 h4 39.
Qf6 Rc8 40. Qxh4 Qd2 41. Qh1 Qxf2 42. a3 Qf4 43. d5 Rd8 44. Rd3 Qf5 45. Qd1 Rd6
46. a4 Qd7 47. a5 Qb5 48. Qd2 Qa4+ 49. Ra3 Qc4 50. Rd3 Rg6 51. b3 Qc5 52. Kb2
Qd6 53. Re3 Qd7 54. Qd4 Rg2+ 55. Ka3 Rg5 56. Rd3 Qd6+ 57. Qb4 Qf6 58. Qd4 Qd6+
59. b4 Rg8 60. Qc5 Qf6 61. Qc3 Qd6 62. Qc5 1/2-1/2

[Event "Olomouc Chess Summer 2018 - open"]
[Site "Olomouc (CZE)"]
[Date "2018.08.12"]
[Round "3.2"]
[White "Cagasik, Tomas"]
[Black "Husarik, Branko"]
[Result "0-1"]
[WhiteElo "2180"]
[BlackElo "2072"]
[PlyCount "44"]
[EventDate "2018.??.??"]

1. c4 f5 2. d4 g6 3. Nc3 Nf6 4. g3 Bg7 5. Bg2 c6 6. Bg5 O-O 7. Qd2 d6 8. d5 e5
9. dxc6 bxc6 10. O-O-O Ba6 11. c5 e4 12. cxd6 Nbd7 13. f3 Ne5 14. b3 Qa5 15.
Kb1 Nc4 16. Qe1 e3 17. Na4 Qxa4 18. bxa4 Rab8+ 19. Kc1 Na3 20. Bxe3 Rb1+ 21.
Kd2 Ne4+ 22. fxe4 Rb2+ 0-1

[Event "Olomouc Chess Summer 2018 - open"]
[Site "Olomouc (CZE)"]
[Date "2018.08.12"]
[Round "3.3"]
[White "Zielinski, Wojciech"]
[Black "Kalinowska, Zuzanna"]
[Result "1/2-1/2"]
[WhiteElo "2157"]
[BlackElo "2044"]
[PlyCount "54"]
[EventDate "2018.??.??"]

1. e4 e6 2. d4 d5 3. Nd2 Nf6 4. e5 Nfd7 5. f4 c5 6. c3 Nc6 7. Ndf3 Nb6 8. h4 h5
9. Ne2 Qc7 10. g3 Bd7 11. Bh3 cxd4 12. Nexd4 Nxd4 13. Nxd4 O-O-O 14. O-O Bc5
15. Kh2 g6 16. a4 Kb8 17. a5 Nc8 18. Be3 a6 19. Qd2 Ne7 20. b4 Ba7 21. Rfb1 Nf5
22. Nxf5 gxf5 23. Bxa7+ Kxa7 24. Qd4+ Kb8 25. Bf1 Rc8 26. Ra3 Bb5 27. Bxb5 axb5
1/2-1/2

[Event "Olomouc Chess Summer 2018 - open"]
[Site "Olomouc (CZE)"]
[Date "2018.08.12"]
[Round "3.5"]
[White "Navratil, Jiri"]
[Black "Schmid, Thomas"]
[Result "0-1"]
[WhiteElo "2009"]
[BlackElo "2109"]
[PlyCount "54"]
[EventDate "2018.??.??"]

1. d4 Nf6 2. Nf3 d5 3. Bf4 e6 4. e3 c5 5. c3 Nc6 6. Nbd2 cxd4 7. exd4 Nh5 8.
Bg3 g6 9. Be2 Nxg3 10. fxg3 Bg7 11. O-O O-O 12. Kh1 f6 13. Qc2 Ne7 14. Nh4 g5
15. Nhf3 h6 16. Nb3 e5 17. dxe5 fxe5 18. Rad1 Bf5 19. Qd2 Qb6 20. Ne1 a5 21. g4
Bxg4 22. Nf3 a4 23. Nc1 Bf5 24. Ng1 Rad8 25. Nd3 e4 26. Nb4 d4 27. cxd4 Rxd4
0-1

[Event "Olomouc Chess Summer 2018 - open"]
[Site "Olomouc (CZE)"]
[Date "2018.08.12"]
[Round "3.6"]
[White "Dhyana, Patel"]
[Black "Bronowicki, Mateusz"]
[Result "0-1"]
[WhiteElo "1855"]
[BlackElo "2280"]
[PlyCount "68"]
[EventDate "2018.08.11"]

1. e4 e6 2. d4 d5 3. Nd2 Nf6 4. e5 Nfd7 5. Bd3 c5 6. c3 Nc6 7. Ne2 cxd4 8. cxd4
f6 9. Nf4 Qe7 10. Qh5+ Qf7 11. Qxf7+ Kxf7 12. exf6 Nxd4 13. fxg7 Bxg7 14. O-O
Nc5 15. Bb1 b6 16. Re1 Ba6 17. Nb3 Rac8 18. Nxc5 Rxc5 19. Be3 Nc2 20. Bxc2 Rxc2
21. Rac1 Rhc8 22. Rxc2 Rxc2 23. Rc1 Rxc1+ 24. Bxc1 d4 25. b3 Bh6 26. Nxe6 Bxc1
27. Nxd4 Bd3 28. Nc6 Ke6 29. g4 a5 30. Nd4+ Kd5 31. Nf3 Bb1 32. h4 Bxa2 33. g5
Ke4 34. Kg2 Bxb3 0-1

[Event "Olomouc Chess Summer 2018 - open"]
[Site "Olomouc (CZE)"]
[Date "2018.08.12"]
[Round "3.7"]
[White "Bugalski, Michal"]
[Black "Tovarek, Antonin"]
[Result "1-0"]
[WhiteElo "2263"]
[BlackElo "1999"]
[PlyCount "83"]
[EventDate "2018.08.11"]

1. e4 c5 2. c3 Nf6 3. e5 Nd5 4. d4 cxd4 5. Nf3 e6 6. cxd4 d6 7. Bc4 Nb6 8. Bb3
dxe5 9. Nxe5 Bb4+ 10. Nc3 Nc6 11. Nxc6 bxc6 12. O-O Qh4 13. Qf3 O-O 14. Ne4 Be7
15. Be3 Nd5 16. Rac1 e5 17. dxe5 Bg4 18. Qg3 Qxg3 19. hxg3 Nxe3 20. fxe3 Bh5
21. Rxc6 Bg6 22. Nd6 Rad8 23. Kh2 Rd7 24. Nxf7 Bxf7 25. Rxf7 Rxf7 26. e6 Rd8
27. exf7+ Kf8 28. Rc7 a5 29. e4 Bf6 30. Ra7 Bxb2 31. Rxa5 g6 32. Bd5 h5 33. g4
Bc3 34. Ra6 Kg7 35. gxh5 gxh5 36. Kg3 Be5+ 37. Kh4 Bf6+ 38. Kxh5 Rb8 39. Kg4
Rb2 40. Ra8 Be7 41. Rg8+ Kh7 42. f8=N+ 1-0

[Event "Olomouc Chess Summer 2018 - open"]
[Site "Olomouc (CZE)"]
[Date "2018.08.12"]
[Round "3.8"]
[White "Budnik, Mateusz"]
[Black "Stigar, Petter"]
[Result "1/2-1/2"]
[WhiteElo "2003"]
[BlackElo "2217"]
[PlyCount "64"]
[EventDate "2018.08.11"]

1. e4 e6 2. d4 d5 3. e5 c5 4. c3 Nc6 5. Nf3 Bd7 6. a3 Nge7 7. b4 cxd4 8. cxd4
Nf5 9. Bb2 b5 10. Bd3 a5 11. bxa5 Nxa5 12. Bxf5 exf5 13. O-O Be6 14. Nc3 Qd7
15. a4 b4 16. Nb5 Be7 17. Bc1 O-O 18. Bd2 Ra6 19. Ne1 Nc4 20. Nd3 b3 21. Bc3
Rxa4 22. Rxa4 Qxb5 23. Ra7 Ba3 24. Rxa3 Nxa3 25. Bb4 Ra8 26. Qxb3 Nc4 27. Qc3
h6 28. Bc5 Ra2 29. Ra1 Rxa1+ 30. Qxa1 Qa5 31. Qxa5 Nxa5 32. f3 Nc4 1/2-1/2

[Event "Olomouc Chess Summer 2018 - open"]
[Site "Olomouc (CZE)"]
[Date "2018.08.12"]
[Round "3.9"]
[White "Karthick, Narayanan S"]
[Black "Volodin, Viktor"]
[Result "1/2-1/2"]
[WhiteElo "1979"]
[BlackElo "2186"]
[PlyCount "136"]
[EventDate "2018.08.11"]

1. e4 c5 2. Nc3 Nc6 3. g3 g6 4. Bg2 Bg7 5. d3 d6 6. Be3 e5 7. Qd2 Nge7 8. Bh6
O-O 9. h4 f6 10. Bxg7 Kxg7 11. h5 g5 12. h6+ Kh8 13. O-O-O Ng6 14. Nge2 Nd4 15.
Rdf1 Qa5 16. a3 b5 17. Nxd4 cxd4 18. Nd5 Qxd2+ 19. Kxd2 Bd7 20. f4 gxf4 21.
gxf4 exf4 22. Nxf4 Ne5 23. Ne2 Rg8 24. Bh3 Rg6 25. Bxd7 Nxd7 26. Nxd4 Rg2+ 27.
Ke3 Ne5 28. Rfg1 Rag8 29. Rxg2 Rxg2 30. Nxb5 Rxc2 31. Nxd6 Rxb2 32. d4 Rb3+ 33.
Kf2 Rb2+ 34. Kf1 Rb1+ 35. Kg2 Rxh1 36. Kxh1 Ng4 37. Kg2 Nxh6 38. a4 Kg7 39. Nb5
a6 40. Nc7 a5 41. Ne6+ Kg6 42. Nc5 Nf7 43. Nb7 Ng5 44. Nxa5 Nxe4 45. Nc4 Nc3
46. a5 Nb5 47. a6 h5 48. d5 f5 49. Ne5+ Kg7 50. Nc6 Kf8 51. Kg3 Ke8 52. a7 Nc7
53. d6 Na8 54. Ne5 Kd8 55. Kf4 h4 56. Kxf5 h3 57. Ke6 h2 58. Nc6+ Kc8 59. d7+
Kb7 60. d8=Q h1=Q 61. Qb8+ Ka6 62. Qxa8 Qe4+ 63. Kd6 Qd3+ 64. Kc5 Qc2+ 65. Kd4
Qf2+ 66. Kc3 Qf3+ 67. Kb4 Qe4+ 68. Ka3 Qf3+ {draw in move 105} 1/2-1/2

[Event "Olomouc Chess Summer 2018 - open"]
[Site "Olomouc (CZE)"]
[Date "2018.08.12"]
[Round "3.10"]
[White "Litner, Igor"]
[Black "Frugoli, Francesco"]
[Result "1-0"]
[WhiteElo "1990"]
[BlackElo "2178"]
[PlyCount "103"]
[EventDate "2018.08.11"]

1. d4 d5 2. c4 e6 3. Nc3 Be7 4. Bf4 Nf6 5. e3 O-O 6. c5 a5 7. a3 c6 8. Nf3 Nbd7
9. Bd3 b6 10. b4 Bb7 11. O-O Nh5 12. Qc2 f5 13. Be5 Nxe5 14. Nxe5 Bf6 15. Be2
Bxe5 16. dxe5 g6 17. Bxh5 gxh5 18. f4 Kh8 19. Qd2 Rg8 20. Rfb1 b5 21. Ne2 h4
22. Nd4 axb4 23. Rxb4 Qe7 24. Qc2 Rg6 25. Kh1 Rag8 26. Rg1 Qc7 27. a4 Ba6 28.
axb5 cxb5 29. c6 Qa5 30. Qb2 Qb6 31. Qc3 Qa5 32. Rb3 b4 33. Qxb4 Qc7 34. Qd6
Qa5 35. Rb8 Bc8 36. Qb4 Qa2 37. Qb2 Qc4 38. Qf2 Rg4 39. Qe2 Qa6 40. Qxa6 Bxa6
41. Rxg8+ Rxg8 42. Nxe6 Bd3 43. Rd1 Be4 44. Ng5 Re8 45. Rc1 Kg7 46. Kg1 h6 47.
Nxe4 fxe4 48. c7 Kg6 49. Kf2 Kf5 50. Rc6 d4 51. h3 dxe3+ 52. Kxe3 1-0

[Event "Olomouc Chess Summer 2018 - open"]
[Site "Olomouc (CZE)"]
[Date "2018.08.13"]
[Round "4.1"]
[White "Schmid, Thomas"]
[Black "Ilandzis, Spyridon"]
[Result "1-0"]
[WhiteElo "2109"]
[BlackElo "2009"]
[PlyCount "95"]
[EventDate "2018.??.??"]

1. e4 d5 2. exd5 Qxd5 3. Nc3 Qa5 4. d4 Nf6 5. Nf3 Bg4 6. h3 Bh5 7. g4 Bg6 8.
Ne5 e6 9. Bg2 c6 10. h4 Nbd7 11. O-O Nxe5 12. dxe5 Qxe5 13. Re1 Qc7 14. h5 Rd8
15. Qe2 Bxc2 16. Qxc2 Nxg4 17. Bg5 Rc8 18. Qf5 Nh6 19. Qf3 Be7 20. Bxe7 Qxe7
21. Rad1 Nf5 22. Bh3 Nd6 23. Qg3 Rd8 24. Qxg7 Qf8 25. Qxf8+ Kxf8 26. Re3 Ke7
27. Red3 Nc4 28. Rxd8 Rxd8 29. Rxd8 Kxd8 30. b3 Ne5 31. Kf1 Nd3 32. Bg2 f5 33.
Ne2 Kc7 34. Bf3 c5 35. h6 b5 36. Bh5 Ne5 37. Nf4 Kd6 38. Ke2 a5 39. Be8 b4 40.
f3 a4 41. bxa4 c4 42. a5 c3 43. a6 Nc4 44. a7 c2 45. Nd3 Nb6 46. Kd2 e5 47. Bg6
e4 48. fxe4 1-0

[Event "Olomouc Chess Summer 2018 - open"]
[Site "Olomouc (CZE)"]
[Date "2018.08.13"]
[Round "4.2"]
[White "Husarik, Branko"]
[Black "Bugalski, Michal"]
[Result "0-1"]
[WhiteElo "2072"]
[BlackElo "2263"]
[PlyCount "64"]
[EventDate "2018.??.??"]

1. e4 e6 2. Nf3 d5 3. e5 c5 4. b4 cxb4 5. d4 Nc6 6. Bd3 Bd7 7. O-O h6 8. Be3
Nge7 9. Nfd2 Nf5 10. Nb3 h5 11. a3 a5 12. h3 a4 13. N3d2 Ncxd4 14. axb4 Nxe3
15. fxe3 Nc6 16. Nf3 Bxb4 17. Na3 O-O 18. Nb5 f5 19. exf6 Qxf6 20. h4 Ne5 21.
Ng5 Qh6 22. Bh7+ Kh8 23. Nd4 Be7 24. Bd3 Bxg5 25. hxg5 Qxg5 26. Rf4 Nxd3 27.
cxd3 e5 28. Nf3 Qg3 29. Nh4 Qxe3+ 30. Kh1 exf4 31. Qxh5+ Kg8 32. Ng6 Bf5 0-1

[Event "Olomouc Chess Summer 2018 - open"]
[Site "Olomouc (CZE)"]
[Date "2018.08.13"]
[Round "4.4"]
[White "Petek, Primoz"]
[Black "Kula, Dominik"]
[Result "0-1"]
[WhiteElo "2097"]
[BlackElo "2201"]
[PlyCount "98"]
[EventDate "2018.??.??"]

1. c4 f5 2. g3 Nf6 3. Bg2 g6 4. Nf3 Bg7 5. O-O O-O 6. Nc3 d6 7. d3 e5 8. c5 Nc6
9. cxd6 cxd6 10. Rb1 h6 11. b4 Be6 12. b5 Ne7 13. a4 Nfd5 14. Nxd5 Nxd5 15. Bb2
Qa5 16. Nd2 Rf7 17. Nc4 Qd8 18. Qd2 Nb6 19. Nxb6 axb6 20. Ra1 d5 21. f4 e4 22.
Bxg7 Rxg7 23. Rfc1 g5 24. fxg5 Qxg5 25. Qxg5 hxg5 26. e3 Kh7 27. Rc3 Bd7 28.
dxe4 dxe4 29. Bf1 f4 30. Bc4 Bf5 31. Bb3 Rd8 32. Rd1 Rxd1+ 33. Bxd1 fxe3 34.
Rxe3 Rc7 35. Bb3 Kg7 36. Bd5 Kf6 37. Kf2 Ke5 38. Bb3 Kd4 39. Re2 Rh7 40. Ke1 e3
41. Bc2 Bxc2 42. Rxc2 g4 43. Ra2 Ke4 44. a5 bxa5 45. Ra4+ Kd3 46. Ra3+ Kc4 47.
Rxa5 Rxh2 48. b6 Rb2 49. Rf5 Kd3 0-1

[Event "Olomouc Chess Summer 2018 - open"]
[Site "Olomouc (CZE)"]
[Date "2018.08.13"]
[Round "4.5"]
[White "Valenta, Vit"]
[Black "Zielinski, Wojciech"]
[Result "1/2-1/2"]
[WhiteElo "2085"]
[BlackElo "2157"]
[PlyCount "70"]
[EventDate "2018.??.??"]

1. e4 e6 2. d4 d5 3. Nc3 dxe4 4. Nxe4 Nd7 5. Nf3 Ngf6 6. Bg5 Be7 7. Nxf6+ Bxf6
8. Bxf6 Qxf6 9. Be2 O-O 10. O-O e5 11. dxe5 Nxe5 12. Nxe5 Qxe5 13. c3 Be6 14.
Bf3 Qb5 15. b3 Rad8 16. Qc2 b6 17. Rad1 Qg5 18. Rxd8 Rxd8 19. Rd1 g6 20. Rxd8+
Qxd8 21. Qd1 Qg5 22. g3 Qe5 23. Qd2 Kg7 24. Kg2 g5 25. Bc6 h6 26. Bf3 a5 27.
Bc6 Bf5 28. Bf3 Kg6 29. Kg1 Kg7 30. Bc6 Qf6 31. Bf3 c5 32. a3 Be6 33. Bd1 Qf5
34. Bc2 Qf3 35. Bd1 Qf5 1/2-1/2

[Event "Olomouc Chess Summer 2018 - open"]
[Site "Olomouc (CZE)"]
[Date "2018.08.13"]
[Round "4.8"]
[White "Volodin, Viktor"]
[Black "Zakoucka, Adela"]
[Result "1-0"]
[WhiteElo "2186"]
[BlackElo "1960"]
[PlyCount "87"]
[EventDate "2018.08.11"]

1. Nf3 Nf6 2. c4 g6 3. Nc3 Bg7 4. e4 d6 5. d4 Nc6 6. d5 Nb8 7. Be2 Na6 8. O-O
O-O 9. Be3 Nc5 10. Qc2 a5 11. b3 Ng4 12. Bd4 e5 13. dxe6 Nxe6 14. Bxg7 Nxg7 15.
Rad1 Ne6 16. e5 Nf4 17. h3 Nxe5 18. Nxe5 Qg5 19. Ng4 f5 20. h4 Nxe2+ 21. Qxe2
Qxg4 22. Qe7 f4 23. f3 Qe6 24. Rfe1 Qf7 25. Nb5 c6 26. Nxd6 Qxe7 27. Rxe7 Rd8
28. c5 Rb8 29. Rde1 Bd7 30. Rf7 Bf5 31. Ree7 Be6 32. Rg7+ Kf8 33. Rxb7 Rxb7 34.
Rxb7 a4 35. bxa4 Ra8 36. Rb4 Bxa2 37. Rxf4+ Ke7 38. Rb4 Ke6 39. Ne4 h6 40. Kf2
Bd5 41. Ke3 Ke5 42. Nf2 Be6 43. Nd3+ Kd5 44. Rd4# 1-0

[Event "Olomouc Chess Summer 2018 - open"]
[Site "Olomouc (CZE)"]
[Date "2018.08.13"]
[Round "4.9"]
[White "Karthick, Narayanan S"]
[Black "Cagasik, Tomas"]
[Result "1/2-1/2"]
[WhiteElo "1979"]
[BlackElo "2180"]
[PlyCount "65"]
[EventDate "2018.08.11"]

1. e4 d5 2. exd5 Qxd5 3. Nc3 Qd6 4. d4 Nf6 5. Nf3 Bg4 6. Bb5+ c6 7. Be2 Nbd7 8.
Be3 e6 9. Qd2 Qc7 10. h3 Bxf3 11. Bxf3 Nd5 12. O-O N7f6 13. Nxd5 cxd5 14. Rfe1
Be7 15. Bf4 Qb6 16. c3 Bd6 17. Bg5 O-O-O 18. a4 h6 19. a5 Qc7 20. Bxf6 gxf6 21.
a6 b6 22. Qd3 Bf4 23. Ra4 Qd7 24. b3 Bc7 25. c4 b5 26. cxb5 Kb8 27. Rc1 Rc8 28.
Rc5 Qd6 29. g3 Bb6 30. b4 f5 31. Ra2 h5 32. Rac2 h4 33. Qc3 1/2-1/2

[Event "Olomouc Chess Summer 2018 - open"]
[Site "Olomouc (CZE)"]
[Date "2018.08.13"]
[Round "4.10"]
[White "Kubicki, Marek"]
[Black "Novak, Vaclav"]
[Result "0-1"]
[WhiteElo "2124"]
[BlackElo "1932"]
[PlyCount "146"]
[EventDate "2018.08.11"]

1. e4 g6 2. d4 Bg7 3. c4 d6 4. Nc3 Nd7 5. Be2 Ngf6 6. Be3 e5 7. d5 Nc5 8. f3 a5
9. Qd2 Bd7 10. Bh6 Nfxe4 11. Nxe4 Nxe4 12. fxe4 Qh4+ 13. g3 Qxh6 14. Nf3 Qxd2+
15. Nxd2 O-O 16. O-O-O f5 17. Bd3 f4 18. gxf4 Rxf4 19. Rdf1 Raf8 20. Rxf4 Rxf4
21. Rf1 Bh6 22. Kd1 Bg4+ 23. Ke1 Rxf1+ 24. Nxf1 Bf4 25. Kf2 h5 26. Kg2 h4 27.
h3 Bh5 28. Nh2 Bxh2 29. Kxh2 Kg7 30. Kg2 Kf6 31. Kf2 Kg5 32. Ke3 Bd1 33. a3 Kh5
34. Kd2 Bf3 35. Ke3 Bg2 36. Be2+ Kg5 37. Bg4 Bf1 38. b3 a4 39. bxa4 Bxc4 40. a5
b6 41. axb6 cxb6 42. Bd7 Kf6 43. Kf2 Bd3 44. Ke3 Bc2 45. Be6 Ke7 46. Kf3 Bd1+
47. Ke3 Kd8 48. Bf7 Bh5 49. Kf2 Kc7 50. Be8 Kb7 51. Ke3 Ka6 52. Kf2 b5 53. Ke3
Kb6 54. Kf2 Kc5 55. Ke3 Kc4 56. a4 b4 57. a5 b3 58. Kd2 Kc5 59. Kc3 Bg4 60. a6
Kb6 61. a7 Kxa7 62. hxg4 h3 63. Bxg6 h2 64. Kxb3 h1=Q 65. Bf5 Kb6 66. Kc3 Kc5
67. Kd3 Qg1 68. Ke2 Kd4 69. Kf3 Qe3+ 70. Kg2 Qf4 71. Kh3 Ke3 72. Kh4 Qh6+ 73.
Kg3 Qg5 0-1

[Event "Olomouc Chess Summer 2018 - open"]
[Site "Olomouc (CZE)"]
[Date "2018.08.14"]
[Round "5.1"]
[White "Kula, Dominik"]
[Black "Schmid, Thomas"]
[Result "1/2-1/2"]
[WhiteElo "2201"]
[BlackElo "2109"]
[PlyCount "135"]
[EventDate "2018.??.??"]

1. e4 c5 2. Nf3 d6 3. d4 cxd4 4. Nxd4 Nf6 5. Nc3 a6 6. Be3 e5 7. Nb3 Be6 8. f4
exf4 9. Bxf4 Nc6 10. h3 Be7 11. Qe2 Ne5 12. O-O-O Qc7 13. g4 h5 14. g5 Nfd7 15.
Nd4 g6 16. Nxe6 fxe6 17. h4 b5 18. Bh3 b4 19. Nb1 Nc5 20. Bxe5 dxe5 21. Nd2
O-O-O 22. Nb3 Qc6 23. Kb1 Rxd1+ 24. Rxd1 Nxb3 25. cxb3 Kb8 26. Rc1 Qd6 27. Qc4
Re8 28. Rf1 Rf8 29. Rxf8+ Bxf8 30. Kc2 Qc5 31. Bxe6 Qxc4+ 32. bxc4 Bc5 33. Bf7
Bf2 34. Bxg6 Bxh4 35. Bxh5 Bxg5 36. Kb3 Bd2 37. c5 Kc7 38. Kc4 a5 39. b3 Be3
40. Kb5 Bd4 41. c6 Bc3 42. Be8 Bd2 43. Kxa5 Be1 44. Ka4 Bd2 45. a3 bxa3 46.
Kxa3 Be3 47. Kb4 Bf2 48. Kc4 Kd6 49. Bd7 Be3 50. Kd3 Bc5 51. Ke2 Bd4 52. Kf3
Bc3 53. Kg4 Ba5 54. Kf5 Bb6 55. Kf6 Ba5 56. Be6 Bd8+ 57. Kf5 Bc7 58. Bd5 Ba5
59. Kf6 Bb6 60. b4 Bd8+ 61. Kf5 Bb6 62. Kg4 Bc7 63. Kf3 Bb6 64. Ke2 Bd4 65. Kd3
Bf2 66. Kc4 Be3 67. Kb5 Kc7 68. Kc4 1/2-1/2

[Event "Olomouc Chess Summer 2018 - open"]
[Site "Olomouc (CZE)"]
[Date "2018.08.14"]
[Round "5.2"]
[White "Bugalski, Michal"]
[Black "Volodin, Viktor"]
[Result "1/2-1/2"]
[WhiteElo "2263"]
[BlackElo "2186"]
[PlyCount "109"]
[EventDate "2018.??.??"]

1. e4 c6 2. Nf3 d5 3. Nc3 Bg4 4. h3 Bxf3 5. Qxf3 e6 6. g3 Nd7 7. Bg2 dxe4 8.
Nxe4 Ngf6 9. O-O Nxe4 10. Qxe4 Be7 11. d4 O-O 12. c4 Bg5 13. Rd1 Bxc1 14. Raxc1
Re8 15. g4 Nf8 16. b4 a6 17. a4 Ng6 18. b5 axb5 19. axb5 cxb5 20. c5 Rb8 21.
Rb1 Qd7 22. Bf1 Qc6 23. Bd3 f5 24. Qh1 Nh4 25. Bxb5 Nf3+ 26. Kf1 Nd2+ 27. Kg1
Qxh1+ 28. Kxh1 Nxb1 29. Bxe8 Nc3 30. Rc1 Ne2 31. Re1 Nxd4 32. Bd7 Kf7 33. Rb1
Ke7 34. c6 Kd6 35. gxf5 Nxc6 36. fxe6 Ne5 37. Rd1+ Ke7 38. Rd5 Nxd7 39. Rxd7+
Kxe6 40. Rxg7 b5 41. Rxh7 b4 42. Rg7 b3 43. Rg1 Ke5 44. Kh2 b2 45. Rb1 Kd4 46.
h4 Kc3 47. Kg3 Kc2 48. Rxb2+ Rxb2 49. h5 Kd3 50. Kg4 Ke4 51. h6 Rxf2 52. Kg5
Ke5 53. h7 Rh2 54. Kg6 Ke6 55. Kg7 1/2-1/2